Second International Congress on Seafood Technology on Sustainable, Innovative and Healthy Seafood : (Record no. 11382)

000 -LEADER
fixed length control field 00899cam a2200241 a 4500
020 ## - INTERNATIONAL STANDARD BOOK NUMBER
ISBN 9789251071083
020 ## - INTERNATIONAL STANDARD BOOK NUMBER
ISBN 925107108X
040 ## - CATALOGING SOURCE
Transcribing agency BTCTA
082 ## - DEWEY DECIMAL CLASSIFICATION NUMBER
Classification number 664 FOO 2012 A036 Or.
245 10 - TITLE STATEMENT
Title Second International Congress on Seafood Technology on Sustainable, Innovative and Healthy Seafood :
Remainder of title FAO/The University of Alaska, 10-13 May 2010, Anchorage, the United States of America /
260 ## - PUBLICATION, DISTRIBUTION, ETC. (IMPRINT)
Place of publication Rome :
Name of publisher Food and Agriculture Organization of the United Nations,
Year of publication 2012.
300 ## - PHYSICAL DESCRIPTION
Number of Pages viii, 238 p. :
Other physical details ill. ;
Dimensions 30 cm.
490 1# - SERIES STATEMENT
Series statement FAO fisheries and aquaculture proceedings ;
650 #0 - SUBJECT ADDED ENTRY--TOPICAL TERM
Topical Term Fishery processing
650 #0 - SUBJECT ADDED ENTRY--TOPICAL TERM
Topical Term Fishery products
650 #0 - SUBJECT ADDED ENTRY--TOPICAL TERM
Topical Term Seafood
700 1# - ADDED ENTRY--PERSONAL NAME
Personal name Ryder, J.
700 1# - ADDED ENTRY--PERSONAL NAME
Personal name Ababouch, Lahsen.
700 1# - ADDED ENTRY--PERSONAL NAME
Personal name Balaban, Murat O.
710 2# - ADDED ENTRY--CORPORATE NAME
Corporate name or jurisdiction name as entry element Food and Agriculture Organization of the United Nations.
710 2# - ADDED ENTRY--CORPORATE NAME
Corporate name or jurisdiction name as entry element University of Alaska Anchorage.
942 ## - ADDED ENTRY ELEMENTS (KOHA)
Koha item type សៀវភៅភាសាអង់គ្លេស
952 ## - LOCATION AND ITEM INFORMATION (KOHA)
Withdrawn status [LOCAL, KOHA] 0
Holdings
Permanent Location Date acquired Koha item type Lost status Shelving location Barcode Current Location Full call number
Library Block A2017-08-01សៀវភៅភាសាអង់គ្លេស A036RUA060475Library Block A664 FOO 2012 A036 Or.
មជ្ឈមណ្ឌលឯការនៃសាកលវិទ្យាល័យភូមិន្ទកសិកម្មចំការដូង

Powered by Koha